| 000 | 00980nam a22002895a 4500 | ||
|---|---|---|---|
| 005 | 20201128024256.0 | ||
| 008 | 180312t1997 njua frb 001 0 eng d | ||
| 020 | _a8178086883 | ||
| 020 | _a9788178086880 | ||
| 040 |
_aEG-ScBUE _beng _cEG-ScBUE _dEG-ScBUE |
||
| 082 | 0 | 4 |
_222 _a621.38223 _bOPP |
| 100 | 1 |
_aOppenheim, Alan V., _d1937- _937354 |
|
| 245 | 1 | 0 |
_aSignals & systems / _cAlan V. Oppenheim, Alan S. Willsky, S. Hamid Nawab. |
| 246 | 3 | _aSignals and systems | |
| 250 | _a2nd ed. | ||
| 260 |
_aUpper Saddle River : _bPrentice-Hall International, _cc.1997. |
||
| 300 |
_axxx, 957 p. : _bill. ; _c24 cm. |
||
| 490 | 0 | _aPearson Education signal processing series | |
| 504 | _aIncludes bibliographical references and index. | ||
| 650 | 7 |
_2BUEsh _9734 _aSystem analysis. |
|
| 650 | 7 |
_95934 _aSignal theory (Telecommunication) _2BUEsh |
|
| 651 | _2BUEsh | ||
| 653 |
_bGGEN _cMarch2018 |
||
| 700 | 1 |
_aWillsky, Alan S. _937355 |
|
| 700 | 1 | _aNawab, Syed Hamid. | |
| 942 | _2ddc | ||
| 999 |
_c26279 _d26251 |
||